| 000 | 00692nam a2200217 a 4500 | ||
|---|---|---|---|
| 001 | 000044101 | ||
| 005 | 20201002045140.0 | ||
| 008 | 140516s1982 sp 001 0 spa d | ||
| 020 | _a8425406528 | ||
| 040 | _aDO-SdBNP | ||
| 041 | 1 | 7 |
_aspa _halem. |
| 245 | 0 | 0 |
_aDiccionario Alemán : _balemán-español / _cGünther Haensch ; con la colaboración de Bernhard Lechner. |
| 250 | _a2a. ed. | ||
| 260 |
_aBarcelona : _bHerder, _c1982. |
||
| 300 |
_a684 p. ; _c21 cm. |
||
| 490 | 1 |
_aDiccionarios modernos Herder _aHaensch |
|
| 500 | _aIncluye indices | ||
| 700 | 1 | 2 |
_aDominguez, José María _ecool. _972090 |
| 700 | 1 | 2 |
_aGünther, Haensch _972091 |
| 830 | 0 |
_aDiccionarios modernos Herder _972092 |
|
| 999 |
_c43590 _d43590 |
||